000 00965nam a2200241Ia 4500
001 16020
003 GE_BSU
008 181216s||||||||xx |||||||||||||| ||und||
040 _cGE_BSU
080 _a821.353.1-1
100 _aჯანგულაშვილი, თეიმურაზ
245 _aგზა-გზა მოკრეფილი ყვავილები
245 _bლექსები
245 _cრედ.ტ.ჭანტურია. მხ. ი.გორდელაძე
260 _aთბილისი
260 _bნაკადული
260 _c1966
300 _a63გვ. ; 17სმ
653 _aგზა-გზა მოკრეფილი ყვავილები
653 _aდღეები-ფრთები.-ბარათები.-გასახსნელები.-სააგარაკო ჩანაწერები
653 _aლექსები
942 _cBK
999 _c49111
_d49111